000
00265nam a2200109Ia 4500
008
230907s9999||||xx |||||||||||||| ||und||
082
_a
629.04
_b
KHI
245
0
_a
Transportation engineering :
260
_a
Pearson,
_b
Noida :
_c
2017
300
_a
813 p.
942
_c
BK
999
_c
600399
_d
600399